Stranger Things - Characters last names - Statistics

General Stats
  • This quiz has been taken 1,271 times
  • The average score is 14 of 18
Answer Stats
First name Last name % Correct
Will Byers
98%
Mike Wheeler
98%
Jim Hopper
97%
Dustin Henderson
93%
Lucas Sinclair
92%
Steve Harrington
91%
Dr. Martin Brenner
87%
Max Mayfield
84%
Billy Hargrove
79%
Jane Ives
74%
Bob Newby
74%
Dr. Sam Owens
74%
Barbara Holland
71%
Murray Bauman
65%
Scott Clarke
63%
Benny Hammond
40%
Officer Callahan
38%
Officer Powell
37%
No matching quizzes found
Score Distribution
Percent of People with Each Score
Percentile by Number Answered
Your Score History
You have not taken this quiz